| 000 | 00363nam a2200133Ia 4500 | ||
|---|---|---|---|
| 008 | 231017s9999 xx 000 0 und d | ||
| 082 | _a625.72 | ||
| 082 | _bHOQ | ||
| 245 | 0 | _aSelection of additional sites for inclusion in Austroads long term pavement performance (LTPP) Study | |
| 245 | 0 | _cAustroads | |
| 260 | _bAustroads | ||
| 300 | _c30cm | ||
| 942 | _cREP | ||
| 999 |
_c605905 _d605905 |
||